| 000 | 00589cam a2200229 a 4500 | ||
|---|---|---|---|
| 001 | 14695289 | ||
| 005 | 20180302080253.0 | ||
| 008 | 070112s2008 maua 001 0 eng | ||
| 010 | _a 2007920772 | ||
| 020 | _a9781413030624 | ||
| 020 | _a1413030629 | ||
| 040 |
_aDLC _cDLC _dDLC |
||
| 041 | _aeng | ||
| 080 | _a371 | ||
| 082 | _2371 KIR | ||
| 100 | 1 | _a25 | |
| 101 | _aEDU | ||
| 245 | 1 | 4 |
_aThe Wadsworth handbook / _cLaurie G. Kirszner, Stephen R. Mandell. |
| 906 |
_a7 _bcbc _corignew _d2 _eepcn _f20 _gy-gencatlg |
||
| 942 |
_2ddc _cBK |
||
| 999 |
_c44053 _d44053 |
||